书目信息 |
| 题名: |
电子技术基础实验与实训教程
|
|
| 作者: | 王英 主编 | |
| 分册: | ||
| 出版信息: | 成都 西南交通大学出版社 2019.01 |
|
| 页数: | 190页 | |
| 开本: | 26cm | |
| 丛书名: | ||
| 单 册: | ||
| 中图分类: | TN-33 | |
| 科图分类: | ||
| 主题词: | 电子技术--dian zi ji shu--实验 | |
| 电子资源: | ||
| ISBN: | 978-7-5643-6746-6 | |
| 000 | 00890nam0 2200241 450 | |
| 001 | 2030309925 | |
| 005 | 20201122090246.88 | |
| 010 | @a978-7-5643-6746-6@dCNY35.00 | |
| 100 | @a20190508d2019 em y0chiy50 ea | |
| 101 | 0 | @achi |
| 102 | @aCN@b510000 | |
| 105 | @ay z 000yy | |
| 106 | @ar | |
| 200 | 1 | @a电子技术基础实验与实训教程@9dian zi ji shu ji chu shi yan yu shi xun jiao cheng@e模拟电子技术·数字电子技术@f王英主编 |
| 210 | @a成都@c西南交通大学出版社@d2019.01 | |
| 215 | @a190页@d26cm | |
| 330 | @a本书共分五章,分别为电子技术实验实训的基础知识、模拟电子技术基础项目、数字电子技术基础项目、焊接技术简介、附录。 | |
| 517 | 1 | @a模拟电子技术·数字电子技术@9mo ni dian zi ji shu · shu zi dian zi ji shu |
| 606 | 0 | @a电子技术@9dian zi ji shu@x实验 |
| 690 | @aTN-33@v5 | |
| 701 | 0 | @a王英@9wang ying@4主编 |
| 801 | 0 | @aCN@bBJSZM@c20201120 |
| 905 | @b1242419-22@dTN-33@e135@f4 | |
| 电子技术基础实验与实训教程:模拟电子技术·数字电子技术/王英主编.-成都:西南交通大学出版社,2019.01 |
| 190页;26cm |
| ISBN 978-7-5643-6746-6:CNY35.00 |
| 本书共分五章,分别为电子技术实验实训的基础知识、模拟电子技术基础项目、数字电子技术基础项目、焊接技术简介、附录。 |
| ● |
| 相关链接 |
|
|
|
|
正题名:电子技术基础实验与实训教程
索取号:TN-33/135
 
预约/预借
| 序号 | 登录号 | 条形码 | 馆藏地/架位号 | 状态 | 备注 |
| 1 | 1242419 | 212424198 | 第二样本阅览室/ [索取号:TN-33/135] | 在馆 | |
| 2 | 1242420 | 212424205 | 第三借阅区/ [索取号:TN-33/135] | 在馆 | |
| 3 | 1242421 | 212424214 | 第三借阅区/ [索取号:TN-33/135] | 在馆 | |
| 4 | 1242422 | 212424223 | 第三借阅区/ [索取号:TN-33/135] | 在馆 |